00869nam a22002177a 450000500170000001000150001702000260003203500140005803700130007208200150008510000180010024501710011826000380028927000830032730000210041070000220043170000230045394200290047699900190050595201270052420170817154404.0 aENG-119714 a9788193312803c650.00 aEN-103246 bDBAD/PUB a307.140954 aVerma, R.B.S. aCommunity engagement, social responsibility and social work profession : :cby R.B.S. Verma, Atul Pratap Singh [and] Jitender K. Vermabemerging scope and prospects / aNew DelhibAlterNotes Pressc2016 a161/55, Hasrat Mohani Lane, Ghafoor Nagar Road Jamia Nagar,bNew Delhie110025 axiii,191p.c22cm aAtul Pratap Singh aVerma, Jitendra k. 2ddccENh307.140954mVER c143508d143508 001040718NFICaDBADbBNd2017-08-17eDBAD/PUBg650.00l0o307.140954 VERpEN-103246r2017-08-17 00:00:00t1v650.00yEN